Gaming Quiz

Random Gaming or Video Games Quiz

Pokémon Go: Catch 'Em All Quiz Stats

 Plays Quiz Updated Jul 20, 2016

Score 0/18 Timer 01:30
19 Plays Today
% Correct
Pikachu
96.2%
Squirtle
95%
Psyduck
94.6%
Meowth
94%
Pidgey
93.6%
Eevee
93.5%
Zubat
93.3%
Doduo
93.1%
Poliwag
92.5%
% Correct
Voltorb
91.9%
Growlithe
91.9%
Cloyster
91.7%
Abra
91.4%
Scyther
91.4%
Nidoran ♂
91.3%
Paras
91%
Hitmonlee
90.8%
Dratini
90%

You're not logged in!

Compare scores with friends on all Sporcle quizzes.
OR
Log In

Show Comments

Extras

Top Quizzes Today


Score Distribution

Your Account Isn't Verified!

In order to create a playlist on Sporcle, you need to verify the email address you used during registration. Go to your Sporcle Settings to finish the process.

Report this User

Report this user for behavior that violates our Community Guidelines.

Details: